Taylor Swift Eras Tour Trivia - Statistics

General Stats
  • This quiz has been taken 220 times
  • The average score is 6 of 15
Answer Stats
Hint Answer % Correct
How many albums does Taylor perform as part of the permanent set list? 9
85%
Which song does Taylor perform last? Karma
80%
Which Speak Now (From The Vault) music video did Taylor premiere at the Eras Tour? I Can See You
70%
Which song does Taylor perform first? Miss Americana and The Heartbreak Prince
70%
Where was the first show? Glendale
67%
How many outfit changes does Taylor make throughout a single show? 17
55%
How many countries does the Eras Tour currently plan to visit? 19
42%
What was Taylor's most recent tour before the Eras Tour (excluding Lover Fest)? Reputation Tour
41%
Where is the last show currently scheduled to be? London
28%
Which designer brand exclusively made Taylor's footwear for the tour? Louboutin
27%
Who bedazzled the guitar Taylor performs with in the Fearless section of the show? Her parents
20%
At which show did Taylor announce Speak Now (Taylor's Version)? Nashville N1
17%
At which show did Taylor perform Long Live for the first time in 5 years? Kansas City N1
14%
At which show did Taylor perform past midnight? Nashville N3
10%
Name the Eras Tour guitarist who first performed with Taylor on the Fearless Tour. Paul Sidoti
8%
No matching quizzes found
Score Distribution
Percent of People with Each Score
Percentile by Number Answered
Your Score History
You have not taken this quiz